000 00533nam a2200193 a 4500
001 1774863790997
003 YourLibrary
005 20260330151548.0
008 260330s2000##################000#0#eng##
020 _a9780750646833
082 0 4 _a362.1
_bMOR
100 1 _aMorris, Julian,
_eauthor.
245 1 0 _aRethinking Risk and the Precautionary Principle :
260 _bButterworth-Heinemann,
_c2000.
300 _a318 pages
650 0 _aBusiness & Economics.
942 _cENGLISH
040 _aYourLibrary
_beng
_cYourLibrary
999 _c618159
_d618159